000 00832nam a2200193 a 4500
008 120416s2001 ||||||||||||||||| || u
050 _aHG 3881.5.W57 Glo
100 _aMody, Ashoka
245 1 0 _aGlobal public policies and programs: implications for financing and evaluation
_cedited by Christopher D. Gerrard
260 _aWashington, D. C.
_bWorld Bank
_c2001
350 _a0.00
650 _aTECHNICAL ASSISTANCE--PLANNING
650 _aECONOMIC ASSISTANCE--PLANNING
650 0 _aENVIRONMENTAL POLICY--INTERNATIONAL COOPERATION
650 _aWORLD BANK--CONGRESSES
650 _aINTERNATIONAL MONETARY FUND--CONGRESSES
700 _aFerroni, Marco
995 _D0.00
_FCBU-MAIN LIBRARY (Kitwe)
_H1
_I0.00
_M1
_UAVAILABLE
_WOct 31, 2001
_ZMain Library Open Access Collection
999 _c44702
_d44702